Bilecik Bilecik Bilecik Bilecik Bilecik

Değiştirmeden önce geliştirin : (Record no. 45701)

MARC details
000 -BAŞLIK
Sabit Uzunluktaki Kontrol Alanı 00991nam a22003137a 4500
001 - KONTROL NUMARASI
Control Dosyası 0045732
003 - KONTROL NUMARASI KİMLİĞİ
Kontrol Alanı KOHA_MİRAKIL
005 - EN SON İŞLEM TARİHİ ve ZAMANI
Kontrol Alanı 20260207003455.0
007 - FİZİKSEL TANIM SABİT ALAN - GENEL BİLGİ
Sabit uzunluklu kontrol alanı ta
008 - SABİT UZUNLUKTAKİ VERİ ÖGELERİ - GENEL BİLGİ
Sabit Alan 140305b2004 tu |||gr||||#||||0|tur |
020 ## - ISBN - ULUSLARARASI STANDART KİTAP NUMARASI
Isbn 9758828150
040 ## - KATALOGLAMA KAYNAĞI
Özgün Kataloglama Kurumu TR-BiSEU
Kataloglama Dili tur
Çeviri Kurumu TR-BiSEU
Açıklama Kuralları rda
041 0# - DİL KODU
Metin ya da ses kaydının dil kodu tur
044 ## - YAYINLAYAN/ÜRETEN KURULUŞUN ÜLKE KODU
ISO country code tu
050 ## - SINIFLAMA ve YER NUMARASI
Sınıflama Numarası HF5415.127
Yer Numarası .Z96 2004
100 1# - KİŞİ ADI
Yazar Adı (Kişi adı) Zyman, Sergio.
245 1# - ESER ADI BİLDİRİMİ
Başlık Değiştirmeden önce geliştirin :
Alt Eseradı vb. değiştirmek niçin doğru olmayabilir/
Sorumluluk Bildirimi Sergio Zyman ; Sergio Zyman, Armin A. Brott; çeviren Muharrem Nesij Huvaj.
264 #1 - ÜRERİM, YAYIN, DAĞITIM ve TELİF BİLDİRİMİ
Yayın yeri İstanbul :
Yayınlayan CSA Global Yayın Ajansı
Yayın tarihi 2004
300 ## - FİZİKSEL TANIMLAMA
Sayfa, Cilt vb. XVI, 240 sayfa ;
Boyutları 23 cm.
336 ## - İÇERİK TÜRÜ
Content type term metin
Content type code txt
Source rdacontent
337 ## - MEDYA TÜRÜ
Media type term aracısız
Media type code n
Source rdamedia
338 ## - TAŞIYICI TÜRÜ
Carrier type term cilt
Carrier type code nc
Source rdacarrier
490 0# - DİZİ BİLDİRİMİ
Dizi Bildirimi
500 ## - GENEL NOT
Genel Not Özgün eser adı : Renovate before you innovate
650 #0 - KONU BAŞLIĞI EK GİRİŞ - KONU TERİMİ
Konusal terim veya coğrafi ad Pazar bölümleme.
9 (RLIN) 24342
650 #0 - KONU BAŞLIĞI EK GİRİŞ - KONU TERİMİ
Konusal terim veya coğrafi ad Piyasa bölünmesi.
9 (RLIN) 71645
830 0# - SERİ EK GİRİŞİ - TEKBİÇİM ESER ADI
Tekbiçim Başlık
9 (RLIN) 1620
942 ## - EK GİRİŞ ÖGELERİ (KOHA)
Source of classification or shelving scheme Library of Congress Classification
Koha item type Book
Holdings
Materyal Türü Kalıcı Konum Mevcut Konum Raf Yeri Sınıflandırma Kaynağı Edinim Bilgisi Ana Konular Alt Konular Yer Numarası Demirbaş Numarası Fatura Tarihi Geri Çekilme Durumu Kayıp Durumu Hasarlı Durumu Kredi için değil Kayıt Tarih Toplam Ödünçverme Son Görülme Tarihi Son Kontrol Tarihi Genel / Bağış Notu
Book Prof. Dr. Azmi Özcan Kütüphanesi Prof. Dr. Azmi Özcan Kütüphanesi Uluğbey Salonu Library of Congress Classification Bağış SOSYAL BİLİMLER Ticaret HF5415.127 .Z96 2004 0045732 02/02/2026         05/03/2014 2 05/12/2024 05/12/2024 Genel Bağış